000 00258nam a22001217a 4500
003 SGT
082 _a618.92
_bG17P
100 _aPAUL, VINOD K.
245 _aGHAI ESSENTIAL PEDIATRICS
260 _aINDIA
_bCBS
_c2017
300 _a783
942 _2ddc
_cBK
_011
999 _c14985
_d14985